Statistics for Spell the Marvel Character #12

Click here to take the quiz!

General Stats

  • This quiz has been taken 17 times
  • The average score is 4 of 6

Answer Stats

Answer% Correct
Nova
93%
Valkyrie
80%
Sersi
73%
Elsa Bloodstone
60%
Venus
53%
Ulysses Bloodstone
33%

Score Distribution

Percentile by Number Answered

Percent of People with Each Score

Your Score History

You have not taken this quiz